Solar energy / (Record no. 51629)

MARC details
000 -LEADER
fixed length control field 00510nam a2200205Ia 4500
005 - DATE AND TIME OF LATEST TRANSACTION
control field 20260429111947.0
008 - FIXED-LENGTH DATA ELEMENTS--GENERAL INFORMATION
fixed length control field 260429s9999||||xx |||||||||||||| ||und||
020 ## - INTERNATIONAL STANDARD BOOK NUMBER
International Standard Book Number 9789352607112
041 ## - LANGUAGE CODE
Language English
082 ## - DEWEY DECIMAL CLASSIFICATION NUMBER
Classification number 333.7923
Item number SUK
100 ## - MAIN ENTRY--PERSONAL NAME
Personal name Sukhatme, Suhas P.
245 #0 - TITLE STATEMENT
Title Solar energy /
Statement of responsibility, etc Suhas P. Sukhatme
250 ## - EDITION STATEMENT
Edition statement 4th ed.
260 ## - PUBLICATION, DISTRIBUTION, ETC. (IMPRINT)
Place of publication, distribution, etc India :
Name of publisher, distributor, etc McGraw Hill,
Date of publication, distribution, etc 2018.
300 ## - PHYSICAL DESCRIPTION
Extent ix, 525 p.; pbk
650 ## - SUBJECT ADDED ENTRY--TOPICAL TERM
Topical term or geographic name as entry element Solar energy
650 ## - SUBJECT ADDED ENTRY--TOPICAL TERM
Topical term or geographic name as entry element Energy
700 ## - ADDED ENTRY--PERSONAL NAME
Personal name Nayak, J.K.
942 ## - ADDED ENTRY ELEMENTS (KOHA)
Koha item type Text Books
Holdings
Withdrawn status Lost status Damaged status Not for loan Collection code Home library Location Shelving location Date of Cataloging Source of acquisition Total Checkouts Full call number Barcode Date last seen Price effective from Koha item type
        Non-fiction CUTN Central Library CUTN Central Library Social Sciences 29/04/2026 Chennai Book Agency, Chennai - Invoice No. 24-25/0154 on 10-02-2026   333.7923 SUK 56657 29/04/2026 29/04/2026 Text Books